Quick Pick: 'V, X, Y, Z' Elements Quiz Stats

 Plays Quiz Updated Jan 8, 2019

Score 0/6 Timer 00:30
2 Plays Today
% Correct
Xenon
96.7%
Vanadium
96.4%
Ytterbium
96.1%
Zirconium
95.9%
Zinc
94.4%
Yttrium
90.1%

Today's Daily Dose

Quick Pick
American Flags

Get the Picture
Fast Food

You're not logged in!

Compare scores with friends on all Sporcle quizzes.
OR
Log In

Sporcle TV

Today on Sporcle TV


Watch our educational content, quiz creation guides, and fun videos on Sporcle TV.

Show Comments

Extras

Top Quizzes Today


Score Distribution

Your Account Isn't Verified!

In order to create a playlist on Sporcle, you need to verify the email address you used during registration. Go to your Sporcle Settings to finish the process.

Report this User

Report this user for behavior that violates our Community Guidelines.

Details: